ՀՀ Գիտությունների ազգային ակադեմիայի հիմնարար գիտական գրադարան  =   Fundamental Scientific Library of NAS RA

Կոստան Զարեանի շուրջ : (Record no. 534001)

MARC details
000 -LEADER
fixed length control field 01020nam a2200241 a 4500
001 - CONTROL NUMBER
control field 000312228
003 - CONTROL NUMBER IDENTIFIER
control field AM-YeHGA
005 - DATE AND TIME OF LATEST TRANSACTION
control field 20250618080211.0
008 - FIXED-LENGTH DATA ELEMENTS--GENERAL INFORMATION
fixed length control field 040225s1998 ai 000 | arm d
040 ## - CATALOGING SOURCE
Original cataloging agency AM-YeHGA
041 0# - LANGUAGE CODE
Language code of text/sound track or separate title arm
090 ## - LOCALLY ASSIGNED LC-TYPE CALL NUMBER (OCLC); LOCAL CALL NUMBER (RLIN)
-- 573473
100 1# - MAIN ENTRY--PERSONAL NAME
Personal name Մատթէոսեան, Վարդան
245 10 - TITLE STATEMENT
Title Կոստան Զարեանի շուրջ :
Remainder of title (Ուսումնասիրութիւն) /
Statement of responsibility, etc. Վ. Մատթէոսեան; Խմբ.՝ Պ. Սնապեան.
260 ## - PUBLICATION, DISTRIBUTION, ETC.
Place of publication, distribution, etc. Անթիլիաս :
Name of publisher, distributor, etc. տպ. Կիլիկիոյ կաթողիկոսութեան,
Date of publication, distribution, etc. 1998.
300 ## - PHYSICAL DESCRIPTION
Extent 468 էջ ;
Dimensions 24 սմ.
440 #0 - SERIES STATEMENT/ADDED ENTRY--TITLE
Title Գէորգ Մելիտինեցի գրական մրցանակ
Volume/sequential designation թիւ 32
504 ## - BIBLIOGRAPHY, ETC. NOTE
Bibliography, etc. note Ծանոթագր.՝ էջ 461-466
600 14 - SUBJECT ADDED ENTRY--PERSONAL NAME
Personal name Զարյան, Կոստան Քրիստափորի,
Dates associated with a name 1885-1969
650 14 - SUBJECT ADDED ENTRY--TOPICAL TERM
Topical term or geographic name entry element Հայ գրողների կյանքն ու գործունեությունը
9 (RLIN) 4515
700 1# - ADDED ENTRY--PERSONAL NAME
Personal name Սնապյան, Պողոս Մարկոսի,
Dates associated with a name 1927-2014
Relator term խմբագիր
Relationship edt
9 (RLIN) 3742
942 ## - ADDED ENTRY ELEMENTS (KOHA)
Source of classification or shelving scheme Universal Decimal Classification
Koha item type Գրքեր / Books
Holdings
Withdrawn status Lost status Source of classification or shelving scheme Damaged status Not for loan Collection Home library Current library Date acquired Total checkouts Full call number Barcode Date last seen Price effective from Koha item type Public note
    Universal Decimal Classification     General Fundamental Scientific Library Fundamental Scientific Library 17/04/2025   AII/113053 FL0691576 17/04/2025 17/04/2025 Գրքեր / Books 30 Days Loan


ՀՀ ԳԱԱ հիմնարար գիտական գրադարան
ՀՀ,Երևան 0019
Մարշալ Բաղրամյան 24/6
հեռախոս:(374-10) 52-47-50
Հետադարձ կապ

All site content, except where otherwise noted, is licensed under a
Creative Commons License